000 00444 a2200169 4500
001 195350
020 _a978-85-7676-826-5
040 _cMagnum
100 _aPerry, Chrissie
240 1 0 _aGo girl! Fazendo a diferença 1 Colônia de férias
_l
245 1 0 _aGo girl! Fazendo a diferença 1 Colônia de férias
300 _a66
362 0 _a2010
440 1 _aFundamento
697 _aLITERATURA INFANTO-JUVENIL ESTRANGEIRA
942 _cBK
999 _c195350
_d195350